[Event "12th World Teams Women"]
[Site "Astana KAZ"]
[Date "2019.03.11"]
[Round "6.2"]
[Board "4"]
[White "Wu, Rochelle"]
[Black "Girya, Olga"]
[Result "1/2-1/2"]
[WhiteTitle "WCM"]
[BlackTitle "WGM"]
[WhiteElo "2120"]
[BlackElo "2456"]
[WhiteTeam "United States of America"]
[BlackTeam "Russia"]
[WhiteFideId "30908132"]
[BlackFideId "4195752"]
[EventDate "2019.03.05"]

1. d4 Nf6 2. c4 e6 3. Nc3 Bb4 4. Qc2 d5 5. cxd5 exd5 6. Bg5 h6 7. Bh4 g5 8. Bg3
Nc6 9. e3 Ne4 10. Bd3 Bf5 11. Ne2 Nxg3 12. hxg3 Bxd3 13. Qxd3 Qd7 14. O-O-O
O-O-O 15. a3 Bxc3 16. Nxc3 Ne7 17. Rh5 Kb8 18. Rdh1 Qe6 19. Kb1 Nf5 20. Qe2 c6
21. Ka1 Nd6 22. g4 Ne4 23. Nxe4 dxe4 24. f4 exf3 25. Qxf3 a6 26. Rf1 Rhe8 27.
Rh3 Rd7 28. Qg3+ Ka7 29. Rc1 Rd5 30. Rc3 f5 31. gxf5 Rxf5 32. Rh1 h5 33. Qc7
Ref8 34. Rhc1 R8f7 35. Qg3 Qe4 36. Rb3 h4 37. Qd6 Qxg2 38. Qd8 Qd5 39. Qb6+ Ka8
40. e4 1/2-1/2

[Event "12th World Teams Women"]
[Site "Astana KAZ"]
[Date "2019.03.11"]
[Round "6.3"]
[Board "1"]
[White "Danielian, Elina"]
[Black "Muzychuk, Mariya"]
[Result "1/2-1/2"]
[WhiteTitle "GM"]
[BlackTitle "GM"]
[WhiteElo "2402"]
[BlackElo "2560"]
[WhiteTeam "Armenia"]
[BlackTeam "Ukraine"]
[WhiteFideId "13300210"]
[BlackFideId "14114550"]
[EventDate "2019.03.05"]

1. d4 Nf6 2. c4 g6 3. g3 c6 4. Bg2 d5 5. Qa4 Nbd7 6. cxd5 Nb6 7. Qb3 cxd5 8. Nc3
Bg7 9. Nf3 O-O 10. O-O Bf5 11. a4 Rc8 12. Bf4 Ne4 13. Rfc1 Nc4 14. Qxb7 Na5 15.
Qb4 Nc6 16. Qb5 Nxd4 17. Nxd4 Bxd4 18. Nxe4 dxe4 19. Rxc8 Qxc8 20. Rc1 Qe6 21.
e3 Bg7 22. h4 h6 23. Qb7 Qf6 24. Rc5 Qxb2 25. Qxb2 Bxb2 26. Bxh6 Rd8 27. h5 Rd1+
28. Kh2 Rd2 29. Kg1 Rd1+ 30. Kh2 Rd2 31. hxg6 Bxg6 32. Kg1 Bf6 33. Bf4 Ra2 34.
a5 e6 35. Bb8 Be7 36. Rb5 a6 37. Rb7 Bd8 38. Bd6 Bxa5 39. Be5 Rd2 40. Bf6 Kh7
41. Ra7 Bd8 42. Bd4 a5 43. Ra8 Rd1+ 44. Kh2 Rxd4 45. exd4 Bb6 46. Kg1 Bxd4 47.
Rxa5 e3 48. fxe3 Bxe3+ 49. Kh2 Kg7 50. Bf3 Kf6 51. Bh5 Bxh5 52. Rxh5 Kg6 53. Ra5
Bd4 54. Kg2 e5 55. g4 f5 56. gxf5+ Kxf5 57. Kf3 Bc3 58. Ra8 Bd4 59. Rf8+ Ke6 60.
Ke4 Kd6 61. Rf6+ Kc5 62. Rh6 Bc3 63. Rh8 Bd4 64. Rc8+ Kd6 65. Rc1 Bb2 66. Rc2
Bd4 67. Rc8 Bb2 68. Rd8+ Kc5 69. Rd5+ Kc6 70. Rd8 Bd4 71. Kd3 Kc5 72. Ke4 Kc6
73. Ra8 Kc5 74. Kd3 Kd5 75. Rd8+ Kc5 76. Ke4 Kc6 77. Rd5 Bc3 78. Rd1 Bd4 79. Rd2
Kc5 80. Rh2 Kd6 81. Rc2 Bc5 82. Rc4 Bd4 83. Ra4 Kc6 84. Ra5 Bc3 85. Ra6+ Kc5 86.
Kd3 Bd4 87. Ra5+ Kd6 88. Kc4 Ke6 89. Ra6+ Kf5 90. Kd5 Kf4 91. Rh6 Kf5 92. Rh1
Kf4 93. Rf1+ Ke3 94. Rf8 Bc3 95. Rh8 Bd4 96. Rh4 Kf3 97. Rh7 Kf4 98. Rf7+ Ke3
99. Rf8 Bc3 100. Re8 1/2-1/2

[Event "12th World Teams Women"]
[Site "Astana KAZ"]
[Date "2019.03.11"]
[Round "6.3"]
[Board "2"]
[White "Muzychuk, Anna"]
[Black "Mkrtchian, Lilit"]
[Result "1-0"]
[WhiteTitle "GM"]
[BlackTitle "IM"]
[WhiteElo "2555"]
[BlackElo "2390"]
[WhiteTeam "Ukraine"]
[BlackTeam "Armenia"]
[WhiteFideId "14111330"]
[BlackFideId "13300601"]
[EventDate "2019.03.05"]

1. e4 e6 2. d4 d5 3. Nc3 Nf6 4. e5 Nfd7 5. f4 c5 6. Nf3 Nc6 7. Be3 a6 8. a3 cxd4
9. Nxd4 Bc5 10. Qd2 O-O 11. Qf2 Qb6 12. O-O-O Nxd4 13. Bxd4 Bxd4 14. Qxd4 Qxd4
15. Rxd4 Nb8 16. g3 Nc6 17. Rd1 g5 18. Bd3 Bd7 19. Rde1 f6 20. exf6 gxf4 21.
gxf4 Rxf6 22. f5 Rd8 23. fxe6 Bxe6 24. Ne2 Kh8 25. Ng3 Rdf8 26. Rhg1 Rh6 27. Rg2
Nd4 28. Re3 Rff6 29. c3 Nf3 30. Rf2 Nxh2 31. Rxf6 Rxf6 32. Nh5 Rh6 33. Nf4 Bg8
34. Re8 Rd6 35. Bf5 Kg7 36. Nh5+ Kh6 37. Rxg8 Kxh5 38. Bxh7 Ng4 39. Rg7 b6 40.
Bd3 Ne5 41. Bxa6 d4 42. cxd4 Rxd4 43. Re7 Nd7 44. Re6 Rd5 45. Kb1 b5 46. Re3 Rg5
47. Rh3+ Kg6 48. Rb3 Nc5 49. Rxb5 Nxa6 50. Rb6+ 1-0

[Event "12th World Teams Women"]
[Site "Astana KAZ"]
[Date "2019.03.11"]
[Round "6.3"]
[Board "3"]
[White "Sargsyan, Anna M."]
[Black "Gaponenko, Inna"]
[Result "1/2-1/2"]
[WhiteTitle "WFM"]
[BlackTitle "IM"]
[WhiteElo "2340"]
[BlackElo "2427"]
[WhiteTeam "Armenia"]
[BlackTeam "Ukraine"]
[WhiteFideId "13308130"]
[BlackFideId "14101181"]
[EventDate "2019.03.05"]

1. d4 d6 2. Nf3 g6 3. g3 Bg7 4. Bg2 Nd7 5. O-O e5 6. e4 Ne7 7. Nc3 O-O 8. Re1
exd4 9. Nxd4 Nc6 10. Nce2 Nde5 11. c3 Bg4 12. f3 Nxd4 13. Nxd4 Bd7 14. f4 Nc6
15. Be3 Re8 16. h3 Na5 17. Bf2 c5 18. Nc2 Bc6 19. Qd3 b5 20. Re2 Rc8 21. Rae1
Nb7 22. g4 Qa5 23. a3 Qa4 24. e5 Bxg2 25. Kxg2 dxe5 26. fxe5 Nd8 27. Qf3 Ne6 28.
Bg3 Qa6 29. Rd2 Ng5 30. Qd5 Qb6 31. Red1 Ne6 32. h4 Red8 33. Qf3 Rxd2+ 34. Rxd2
Rd8 35. Rd6 Qb8 36. Ne3 Bf8 37. Rxd8 Qxd8 38. Nd5 h6 39. b3 Be7 40. c4 bxc4 41.
bxc4 Kg7 42. h5 Bg5 43. hxg6 fxg6 44. Qb3 Qf8 45. a4 h5 46. gxh5 gxh5 47. Qd3
Qf7 48. Kh3 Qg6 49. Qf1 Qc2 50. Nf6 Kg6 51. Qf3 Qf5+ 52. Qxf5+ Kxf5 53. Nxh5 Bd8
54. Nf6 Ng5+ 55. Kg2 Bxf6 56. exf6 Kxf6 57. Bb8 a6 58. Ba7 Ne4 59. Kf3 Nd2+ 60.
Ke2 Nxc4 61. Bxc5 Ke5 62. Bf8 Kd5 63. Kd3 Nb2+ 64. Kc2 Nxa4 65. Kb3 Nc5+ 66.
Bxc5 Kxc5 1/2-1/2

[Event "12th World Teams Women"]
[Site "Astana KAZ"]
[Date "2019.03.11"]
[Round "6.3"]
[Board "4"]
[White "Buksa, Nataliya"]
[Black "Gevorgyan, Maria"]
[Result "1/2-1/2"]
[WhiteTitle "IM"]
[BlackTitle "WIM"]
[WhiteElo "2416"]
[BlackElo "2264"]
[WhiteTeam "Ukraine"]
[BlackTeam "Armenia"]
[WhiteFideId "14123622"]
[BlackFideId "13300270"]
[EventDate "2019.03.05"]

1. e4 c5 2. Nf3 e6 3. d4 cxd4 4. Nxd4 a6 5. Nc3 b5 6. Bd3 Qc7 7. O-O Bc5 8. Nb3
Be7 9. Qg4 g6 10. Qe2 d6 11. a4 b4 12. Na2 Nc6 13. Bd2 a5 14. c3 bxc3 15. Bxc3
Nf6 16. Rac1 Bd7 17. Bb5 Qb6 18. Rfd1 e5 19. Nd2 O-O 20. Nc4 Qb8 21. Qe3 Nb4 22.
Nxb4 Bxb5 23. axb5 axb4 24. Bxb4 Qxb5 25. Bxd6 Bxd6 26. Rxd6 Rfc8 27. b3 Nd7 28.
Rd5 Qb7 29. h3 Rc7 30. Rcd1 Rb8 31. R1d3 Kg7 32. Qg3 Nf6 33. Qxe5 Re7 34. Qc3
Qb4 35. Qxb4 Rxb4 36. R5d4 Rxe4 37. Rd8 Re1+ 38. Kh2 Ne4 39. Rf3 Ng5 40. Rfd3
Ne4 41. Rf3 Ng5 42. Rfd3 1/2-1/2

[Event "12th World Teams Women"]
[Site "Astana KAZ"]
[Date "2019.03.11"]
[Round "6.4"]
[Board "1"]
[White "Wafa, Shahenda"]
[Black "Khotenashvili, Bela"]
[Result "0-1"]
[WhiteTitle "WGM"]
[BlackTitle "GM"]
[WhiteElo "2175"]
[BlackElo "2474"]
[WhiteTeam "Egypt"]
[BlackTeam "Georgia"]
[WhiteFideId "10609962"]
[BlackFideId "13602640"]
[EventDate "2019.03.05"]

1. e4 c6 2. d4 d5 3. Nc3 dxe4 4. Nxe4 Nf6 5. Nxf6+ exf6 6. c3 Bd6 7. Bd3 O-O 8.
Qc2 Re8+ 9. Ne2 h5 10. O-O h4 11. h3 Nd7 12. c4 Nf8 13. Be3 Bb8 14. Qc3 Ng6 15.
Bxg6 fxg6 16. d5 cxd5 17. cxd5 Qxd5 18. Nf4 Qf7 19. Qb3 g5 20. Qxf7+ Kxf7 21.
Nd5 Be6 22. Nc3 Be5 23. f4 gxf4 24. Bxf4 Bc4 25. Rf3 Bd4+ 26. Kh1 Rad8 27. Rd1
Bb6 28. Rxd8 Re1+ 29. Kh2 Bxd8 30. b3 Be6 31. g3 hxg3+ 32. Bxg3 Rc1 33. Bf4 Rc2+
34. Kg3 Ba5 35. Be5 Kg6 36. Bd4 Bc7+ 37. Kh4 Rd2 38. Nb5 Bh2 39. Rf2 Rxf2 40.
Bxf2 Kh6 0-1

[Event "12th World Teams Women"]
[Site "Astana KAZ"]
[Date "2019.03.11"]
[Round "6.4"]
[Board "2"]
[White "Arabidze, Meri"]
[Black "Moaataz, Ayah"]
[Result "1/2-1/2"]
[WhiteTitle "IM"]
[BlackTitle "WIM"]
[WhiteElo "2392"]
[BlackElo "2036"]
[WhiteTeam "Georgia"]
[BlackTeam "Egypt"]
[WhiteFideId "13604040"]
[BlackFideId "10615873"]
[EventDate "2019.03.05"]

1. d4 d5 2. c4 e6 3. Nc3 Nf6 4. Nf3 Be7 5. Bg5 h6 6. Bh4 O-O 7. e3 b6 8. Be2 Bb7
9. Bxf6 Bxf6 10. cxd5 exd5 11. b4 c5 12. bxc5 bxc5 13. Rb1 Bc6 14. O-O Re8 15.
Bb5 a6 16. Ba4 Re6 17. Qc2 cxd4 18. exd4 Bxa4 19. Nxa4 Nc6 20. Nc5 Re7 21. Rfd1
Rc8 22. Qa4 a5 23. h3 Rec7 24. Na6 Ra7 25. Qb5 Nb4 26. Nxb4 axb4 27. Qxb4 Rxa2
28. Ra1 Rxa1 29. Rxa1 Rb8 30. Qc5 Rc8 31. Qb5 Qd6 32. g3 Qe6 33. Kg2 Qf5 34. Ra5
Rd8 35. Ra3 g6 36. Re3 Kg7 37. Qb7 Qc2 38. Qa7 Qc8 39. Qa5 Qc6 40. Rc3 Qe6 41.
Ne5 1/2-1/2

[Event "12th World Teams Women"]
[Site "Astana KAZ"]
[Date "2019.03.11"]
[Round "6.4"]
[Board "3"]
[White "Elansary, Eman"]
[Black "Batsiashvili, Nino"]
[Result "0-1"]
[WhiteTitle "WIM"]
[BlackTitle "GM"]
[WhiteElo "1944"]
[BlackElo "2454"]
[WhiteTeam "Egypt"]
[BlackTeam "Georgia"]
[WhiteFideId "10606700"]
[BlackFideId "13602993"]
[EventDate "2019.03.05"]

1. d4 f5 2. Nf3 g6 3. c3 Nf6 4. Bg5 Bg7 5. Nbd2 Ne4 6. Nxe4 fxe4 7. Nd2 d5 8. f3
exf3 9. exf3 O-O 10. Bd3 Qd6 11. Bh4 e5 12. Bg3 Nc6 13. O-O Qf6 14. dxe5 Nxe5
15. Bc2 Qb6+ 16. Kh1 Qxb2 17. Bb3 c6 18. Rc1 Bf5 19. c4 Nxc4 20. Nxc4 dxc4 21.
Bxc4+ Kh8 22. Re1 Rfd8 23. Qb3 Qxb3 24. Bxb3 Bf6 25. Be5 Bxe5 26. Rxe5 Re8 27.
Rce1 Rxe5 28. Rxe5 Bd7 29. Kg1 Re8 30. f4 Rxe5 31. fxe5 Kg7 32. Kf2 Kf8 33. Ke3
Ke7 34. a3 c5 35. Bd5 b5 36. Kd3 a5 37. Kc3 b4+ 38. axb4 cxb4+ 0-1

[Event "12th World Teams Women"]
[Site "Astana KAZ"]
[Date "2019.03.11"]
[Round "6.4"]
[Board "4"]
[White "Melia, Salome"]
[Black "Ehab, Tasneem"]
[Result "1-0"]
[WhiteTitle "IM"]
[BlackTitle "WIM"]
[WhiteElo "2385"]
[BlackElo "1841"]
[WhiteTeam "Georgia"]
[BlackTeam "Egypt"]
[WhiteFideId "13602446"]
[BlackFideId "10623310"]
[EventDate "2019.03.05"]

1. e4 c5 2. Nf3 g6 3. c3 d5 4. e5 Bg7 5. d4 c4 6. b3 cxb3 7. axb3 Nc6 8. h3 Bd7
9. Bd3 Qb6 10. O-O f6 11. exf6 Nxf6 12. b4 O-O 13. b5 Nd8 14. Qe2 Nf7 15. Nbd2
Nh5 16. Qxe7 Nf4 17. Qxd7 Rad8 18. Qe7 Nxd3 19. Qa3 Qxb5 20. Qxa7 Nxc1 21. Rfxc1
Ra8 22. Qxa8 Rxa8 23. Rxa8+ Bf8 24. Re1 Kg7 25. Ne5 Nd6 26. Ndf3 Ne4 27. Rc8 Qb2
28. Rc7+ Kg8 29. Rf1 Nxc3 30. Ng4 Ne4 31. Ne3 Nc3 32. Ng4 Ne4 33. Rcc1 h5 34.
Ne3 Nc3 35. Rc2 Ne2+ 36. Kh1 Qb5 37. Re1 Nf4 38. Ne5 Qb4 39. Rd1 1-0

[Event "12th World Teams Women"]
[Site "Astana KAZ"]
[Date "2019.03.11"]
[Round "6.5"]
[Board "1"]
[White "Abdumalik, Zhansaya"]
[Black "Hoang, Thanh Trang"]
[Result "0-1"]
[WhiteTitle "IM"]
[BlackTitle "GM"]
[WhiteElo "2469"]
[BlackElo "2454"]
[WhiteTeam "Kazakhstan"]
[BlackTeam "Hungary"]
[WhiteFideId "13703544"]
[BlackFideId "12400149"]
[EventDate "2019.03.05"]

1. e4 e6 2. d4 d5 3. Nc3 Nf6 4. e5 Nfd7 5. f4 c5 6. Nf3 Nc6 7. Be3 a6 8. Qd2 b5
9. Nd1 Be7 10. Be2 O-O 11. O-O b4 12. c3 a5 13. Bf2 Qb6 14. Ne3 Ba6 15. Bxa6
Qxa6 16. f5 a4 17. f6 gxf6 18. Ng4 fxe5 19. dxe5 bxc3 20. bxc3 Qc4 21. Nh6+ Kh8
22. Rae1 Rae8 23. Ng5 Nd8 24. Bg3 f5 25. Nh3 Nc6 26. Rf4 d4 27. cxd4 cxd4 28.
Rc1 Qd5 29. Rf2 Ndxe5 30. Nf4 Qd7 31. Nh5 Ng6 32. Qc2 Rc8 33. Qd2 e5 34. h3 f4
35. Bh2 Bg5 36. Ng4 Rf5 37. Qd1 Bh4 38. g3 Rxh5 39. gxh4 Rxh4 40. Qxa4 Rxh3 41.
Nf6 Qe6 42. Ne4 Nce7 43. Re1 Re3 44. Qd1 Rg8 45. Rxe3 dxe3 46. Rg2 Nh4 47. Rg5
Rxg5+ 48. Nxg5 Qg8 49. Bxf4 exf4 50. Qd4+ Qg7 51. Qxg7+ Kxg7 52. Ne6+ Kf6 53.
Nxf4 Ke5 54. Ne2 Ke4 55. Kf1 Nf3 56. a4 Nd4 57. Ng1 Nec6 58. Nh3 e2+ 59. Kf2 Nb4 0-1

[Event "12th World Teams Women"]
[Site "Astana KAZ"]
[Date "2019.03.11"]
[Round "6.5"]
[Board "2"]
[White "Gara, Anita"]
[Black "Saduakassova, Dinara"]
[Result "1/2-1/2"]
[WhiteTitle "IM"]
[BlackTitle "IM"]
[WhiteElo "2384"]
[BlackElo "2462"]
[WhiteTeam "Hungary"]
[BlackTeam "Kazakhstan"]
[WhiteFideId "709751"]
[BlackFideId "13700090"]
[EventDate "2019.03.05"]

1. e4 e5 2. Nf3 Nc6 3. Nc3 Nf6 4. d4 Bb4 5. Nxe5 Bxc3+ 6. bxc3 Qe7 7. Bd3 Nxe5
8. dxe5 Qxe5 9. O-O b6 10. Rb1 Bb7 11. Rb5 Qe6 12. Bf4 O-O-O 13. f3 h6 14. a4 g5
15. Bg3 Nh5 16. Bf2 Nf4 17. a5 Rhg8 18. axb6 axb6 19. Be3 d5 20. Bxf4 gxf4 21.
exd5 Bxd5 22. Qd2 Bc4 23. Rb4 Bxd3 24. cxd3 Qe3+ 25. Qxe3 fxe3 26. d4 Kb7 27.
Rb2 f5 28. f4 Rge8 29. Re1 Re4 30. g3 Kc6 31. Kg2 Kd5 32. Rb5+ Kc4 33. Rxf5 Kxc3
34. Kf3 Rdxd4 35. Re5 Rxe5 36. fxe5 Rd8 37. Kxe3 c5 38. Rb1 Rb8 39. Ke4 c4 40.
Rb5 Kd2 41. Rd5+ Ke2 42. Kd4 b5 43. e6 Kf3 44. Re5 Kg2 45. Re2+ Kf3 46. Rc2 Rc8
47. e7 Re8 48. Rb2 Rxe7 49. Rxb5 Kg4 50. Rb2 1/2-1/2

[Event "12th World Teams Women"]
[Site "Astana KAZ"]
[Date "2019.03.11"]
[Round "6.5"]
[Board "3"]
[White "Assaubayeva, Bibisara"]
[Black "Gara, Ticia"]
[Result "1-0"]
[WhiteTitle "FM"]
[BlackTitle "WGM"]
[WhiteElo "2376"]
[BlackElo "2324"]
[WhiteTeam "Kazakhstan"]
[BlackTeam "Hungary"]
[WhiteFideId "13708694"]
[BlackFideId "717444"]
[EventDate "2019.03.05"]

1. c4 Nf6 2. Nc3 c5 3. g3 d5 4. cxd5 Nxd5 5. Bg2 Nc7 6. d3 Nc6 7. Be3 e5 8.
Bxc6+ bxc6 9. Nf3 f6 10. Rc1 Rb8 11. Na4 Ne6 12. b3 Nd4 13. Nd2 Qd5 14. f3 f5
15. Nc4 Be7 16. O-O O-O 17. Nc3 Qe6 18. Nxe5 Ba6 19. f4 Bd6 20. Na4 Bxe5 21.
Nxc5 Bxf4 22. Bxf4 Nxe2+ 23. Kf2 Nxf4 24. Nxe6 Nxe6 25. Rxc6 Rb6 26. Rxb6 axb6
27. b4 Rd8 28. Qb3 Kf7 29. Re1 Rd6 30. d4 Bb7 31. Re5 Kf6 32. g4 Nxd4 33. Qg3
Rc6 34. Re3 Rc2+ 35. Ke1 Rc4 36. Qh4+ Kf7 37. Qh5+ 1-0

[Event "12th World Teams Women"]
[Site "Astana KAZ"]
[Date "2019.03.11"]
[Round "6.5"]
[Board "4"]
[White "Terbe, Julianna"]
[Black "Nakhbayeva, Guliskhan"]
[Result "0-1"]
[WhiteTitle "WIM"]
[BlackTitle "IM"]
[WhiteElo "2306"]
[BlackElo "2295"]
[WhiteTeam "Hungary"]
[BlackTeam "Kazakhstan"]
[WhiteFideId "708780"]
[BlackFideId "13704788"]
[EventDate "2019.03.05"]

1. Nf3 d5 2. d4 Nf6 3. g3 Bf5 4. c4 c6 5. Nc3 dxc4 6. Bg2 Nbd7 7. O-O e6 8. Nh4
Bg4 9. h3 Bh5 10. g4 Nd5 11. Nf3 Bg6 12. Ne1 h5 13. g5 Be7 14. f4 Nxc3 15. bxc3
Nc5 16. Be3 Ne4 17. Qb1 Nd6 18. Qb2 O-O 19. Nf3 Be4 20. Bf2 Qa5 21. a4 Qf5 22.
Bg3 a5 23. Nd2 Bxg2 24. Kxg2 Ne4 25. Nxc4 Nxg5 26. fxg5 Qd5+ 27. e4 Qxc4 28. h4
b5 29. Qc2 b4 30. Rf3 Rad8 31. Raf1 Rxd4 32. g6 f6 33. e5 f5 34. Rf4 Qd5+ 0-1

[Event "12th World Teams Women"]
[Site "Astana KAZ"]
[Date "2019.03.12"]
[Round "7.1"]
[Board "1"]
[White "Tan, Zhongyi"]
[Black "Wafa, Shrook"]
[Result "1-0"]
[WhiteTitle "GM"]
[BlackTitle "WGM"]
[WhiteElo "2513"]
[BlackElo "2166"]
[WhiteTeam "China"]
[BlackTeam "Egypt"]
[WhiteFideId "8603642"]
[BlackFideId "10609970"]
[EventDate "2019.03.05"]

1. Nf3 Nf6 2. c4 e6 3. Nc3 Be7 4. e4 d5 5. cxd5 exd5 6. e5 Nfd7 7. d4 Nb6 8. Bd3
Bg4 9. Be3 N8d7 10. O-O c5 11. h3 Be6 12. Ne2 cxd4 13. Nexd4 Nc5 14. Nxe6 fxe6
15. Bxc5 Bxc5 16. Qc2 Rc8 17. Bxh7 Kd7 18. Bd3 Rc7 19. Rac1 a6 20. Qd2 Qf8 21.
Be2 Kc8 22. Ng5 Qe7 23. Nxe6 Nc4 24. Qxd5 Ne3 25. Nxc7 Nxd5 26. Nxd5 Qxe5 27.
Rxc5+ Kb8 28. Bf3 Qxb2 29. a4 Rc8 30. Rxc8+ Kxc8 31. Re1 Kd8 32. Re6 Qa1+ 33.
Kh2 Qxa4 34. Rd6+ Ke8 35. Bh5+ g6 36. Rxg6 Kf8 37. Rf6+ Kg7 38. Rf7+ Kh6 39. Nf4
Qd4 40. Bg6 Qd6 41. h4 1-0

[Event "12th World Teams Women"]
[Site "Astana KAZ"]
[Date "2019.03.12"]
[Round "7.1"]
[Board "2"]
[White "Moaataz, Ayah"]
[Black "Shen, Yang"]
[Result "0-1"]
[WhiteTitle "WIM"]
[BlackTitle "IM"]
[WhiteElo "2036"]
[BlackElo "2453"]
[WhiteTeam "Egypt"]
[BlackTeam "China"]
[WhiteFideId "10615873"]
[BlackFideId "8603162"]
[EventDate "2019.03.05"]

1. c4 c6 2. g3 d5 3. Bg2 e5 4. cxd5 cxd5 5. d3 Nc6 6. Nc3 Be6 7. Nf3 d4 8. Ne4
f5 9. Ned2 Nh6 10. O-O Be7 11. Qa4 Nf7 12. Nc4 O-O 13. a3 Rb8 14. Qc2 Rc8 15. a4
e4 16. Nfd2 Nb4 17. Qb1 Bd5 18. b3 exd3 19. exd3 Bxg2 20. Kxg2 Qd5+ 21. Kg1 Ng5
22. f3 Rfe8 23. Ba3 Bf8 24. h4 Nf7 25. Rf2 Re3 26. Bxb4 Bxb4 27. Nf1 Rxf3 28.
Qd1 Rxf2 29. Kxf2 Re8 30. Nh2 Be1+ 31. Qxe1 Rxe1 32. Rxe1 g5 33. Nf3 h6 34. Nfd2
Kf8 35. Rg1 Nd8 36. hxg5 hxg5 37. Nf3 Nf7 38. g4 b5 39. axb5 Qxb5 40. Nfd2 fxg4
41. Ke2 Nh6 42. Ne4 Qxb3 43. Nxg5 Qa2+ 44. Nd2 a5 45. Rb1 Qd5 46. Nge4 Qe5 47.
Rh1 Kg7 48. Nc4 Qf4 49. Rf1 Qc7 50. Ncd6 Qc2+ 51. Nd2 a4 52. Nc4 Qc3 53. Rb1 Nf5
54. Rb7+ Kf8 55. Ne4 Qc2+ 56. Ncd2 a3 57. Rb5 Ne3 58. Rc5 Qd1+ 59. Kf2 a2 0-1

[Event "12th World Teams Women"]
[Site "Astana KAZ"]
[Date "2019.03.12"]
[Round "7.1"]
[Board "3"]
[White "Huang, Qian"]
[Black "Elansary, Eman"]
[Result "1-0"]
[WhiteTitle "WGM"]
[BlackTitle "WIM"]
[WhiteElo "2441"]
[BlackElo "1944"]
[WhiteTeam "China"]
[BlackTeam "Egypt"]
[WhiteFideId "8602689"]
[BlackFideId "10606700"]
[EventDate "2019.03.05"]

1. d4 d5 2. Nf3 c6 3. c4 e6 4. Qc2 f5 5. g3 Nf6 6. Bg2 Bd6 7. O-O O-O 8. b3 Ne4
9. Bb2 Nd7 10. Nbd2 Qe8 11. e3 Ndf6 12. Ne5 Qh5 13. f3 Ng5 14. a4 Nf7 15. Rfe1
Bd7 16. Ba3 Bxa3 17. Rxa3 Nd6 18. b4 Rfc8 19. c5 Nf7 20. Qb2 Be8 21. Nd3 Nh8 22.
b5 Qf7 23. bxc6 Bxc6 24. a5 a6 25. Ne5 Qe8 26. Rb3 Nf7 27. Nxc6 bxc6 28. f4 Rcb8
29. Rb1 Rb5 30. Qc3 Qd8 31. Bf1 Ne4 32. Nxe4 fxe4 33. Bxb5 axb5 34. a6 Rxa6 35.
Ra3 Ra8 36. Rxa8 Qxa8 37. Ra1 Qb7 38. Qa5 Kf8 39. Qb6 Qc8 40. Ra7 Nd8 41. Qa5 1-0

[Event "12th World Teams Women"]
[Site "Astana KAZ"]
[Date "2019.03.12"]
[Round "7.1"]
[Board "4"]
[White "Ehab, Tasneem"]
[Black "Ding, Yixin"]
[Result "0-1"]
[WhiteTitle "WIM"]
[BlackTitle "WGM"]
[WhiteElo "1841"]
[BlackElo "2432"]
[WhiteTeam "Egypt"]
[BlackTeam "China"]
[WhiteFideId "10623310"]
[BlackFideId "8602972"]
[EventDate "2019.03.05"]

1. d4 Nf6 2. Bf4 d5 3. e3 c5 4. c3 Nc6 5. Nd2 Qb6 6. Qb3 c4 7. Qxb6 axb6 8. e4
b5 9. exd5 Nxd5 10. Bg3 g6 11. Ngf3 Bg7 12. Be2 O-O 13. O-O Nb6 14. Rfc1 Na4 15.
b3 Nxc3 16. Rxc3 Nxd4 17. Nxd4 Bxd4 18. Rcc1 Bxa1 19. Rxa1 Rd8 20. Bf4 c3 21.
Ne4 c2 22. f3 Be6 23. Nc5 Bd5 24. Rc1 Rxa2 25. Bxb5 Rb2 26. Bd3 Bxb3 27. Be2 Bd5
28. Kf2 Rc8 29. Be3 Ba2 30. Bd4 Rb4 31. Ke3 e5 32. Bc3 Rb1 33. Rxc2 Rxc5 34.
Rxa2 Rxc3+ 35. Ke4 Rc5 36. g4 Rb4+ 37. Kd3 f5 38. g5 f4 39. Kd2 Rd4+ 40. Ke1 e4
41. fxe4 Rxe4 42. Kf2 Rxg5 43. Rb2 Re7 44. Kf3 Rge5 45. Bd1 Rf5 46. Rb4 Kg7 47.
Bc2 Rh5 48. Be4 Rxh2 0-1

[Event "12th World Teams Women"]
[Site "Astana KAZ"]
[Date "2019.03.12"]
[Round "7.2"]
[Board "3"]
[White "Ushenina, Anna"]
[Black "Goryachkina, Aleksandra"]
[Result "1/2-1/2"]
[WhiteTitle "GM"]
[BlackTitle "GM"]
[WhiteElo "2443"]
[BlackElo "2504"]
[WhiteTeam "Ukraine"]
[BlackTeam "Russia"]
[WhiteFideId "14110911"]
[BlackFideId "4147103"]
[EventDate "2019.03.05"]

1. d4 d5 2. c4 c6 3. Nf3 Nf6 4. Qc2 dxc4 5. Qxc4 Bg4 6. Nbd2 Nbd7 7. g3 e6 8.
Bg2 Be7 9. O-O O-O 10. Qb3 Qb6 11. Nc4 Qa6 12. Bd2 Rfd8 13. Rfc1 Bf5 14. Bb4 c5
15. dxc5 Nxc5 16. Bxc5 Bxc5 17. Ng5 Rab8 18. Nxf7 Bxf2+ 19. Kxf2 Kxf7 20. Bf3
Kg8 21. Kg2 Rd4 22. a4 Be4 23. Qb5 Rd5 24. Qxa6 bxa6 25. Ra3 Rc5 26. Re3 Bd5 27.
b3 Ng4 28. Rd3 h5 29. Rcd1 Bxc4 30. bxc4 Rxc4 31. h3 Ne5 32. Rd6 Nxf3 33. Kxf3
Rb6 34. a5 Rbc6 35. Rxc6 Rxc6 36. Rd8+ Kh7 37. Rd7 Rc5 38. Rd6 Rf5+ 39. Kg2 Rxa5
40. Rxe6 Ra3 41. Re7 a5 1/2-1/2

[Event "12th World Teams Women"]
[Site "Astana KAZ"]
[Date "2019.03.12"]
[Round "7.2"]
[Board "4"]
[White "Girya, Olga"]
[Black "Gaponenko, Inna"]
[Result "1/2-1/2"]
[WhiteTitle "WGM"]
[BlackTitle "IM"]
[WhiteElo "2456"]
[BlackElo "2427"]
[WhiteTeam "Russia"]
[BlackTeam "Ukraine"]
[WhiteFideId "4195752"]
[BlackFideId "14101181"]
[EventDate "2019.03.05"]

1. d4 d5 2. c4 dxc4 3. e3 Nf6 4. Bxc4 e6 5. Nf3 c5 6. O-O Nc6 7. Nc3 a6 8. Qe2
b5 9. Bb3 Bb7 10. Rd1 Be7 11. d5 exd5 12. Nxd5 Nxd5 13. Bxd5 Qb6 14. e4 O-O 15.
Be3 Nb4 16. Bxb7 Qxb7 17. a3 Nc6 18. Rd5 Rad8 19. Rad1 Rfe8 20. Bxc5 Bxc5 21.
Rxc5 Rxe4 22. Rxd8+ Nxd8 23. Qc2 Re8 24. Rc8 Qd7 25. h4 Ne6 26. Rxe8+ Qxe8 27.
b4 h6 28. Qe4 Qc8 29. Ne5 Qc7 30. g3 a5 31. Qd5 axb4 32. axb4 g5 33. h5 Qc3 34.
Qe4 Kg7 35. Qf5 Nd8 36. Ng4 Qe1+ 37. Kg2 Qe6 38. Ne3 Qxf5 39. Nxf5+ Kf6 40. Nxh6
Nc6 41. Ng4+ Kg7 42. Ne3 Nxb4 43. Nf5+ Kf6 44. Nd6 Nc6 45. Nxb5 g4 46. f3 gxf3+
47. Kxf3 Kg5 48. Nd6 Kxh5 49. Nxf7 Nd4+ 50. Kf4 Ne2+ 51. Kf3 Nxg3 52. Kxg3 1/2-1/2